000 00811nam1a22002411i 4500
001 rc\2938267
005 20240723214841.0
035 _a(NLR Aleph) 007087241
090 _a6537308
_c6537308
100 _a20110824d1939 |||y0rusy50 ca
101 0 _arus
102 _aRU
105 _ay j |||||
200 1 _aУчебник русского языка
_eДля марий. нач. школы
_fО.И. Малиновская и Л.Р. Яшмолкина
_gУтв. НКП РСФСР
205 _a2-е изд.
210 _aМосква
_cУчпедгиз
_d1939
215 _d22 см
700 1 _aМалиновская
_bО.И.
_gОльга Иоанникиевна
701 1 _aЯшмолкина
_bЛ.Р.
801 0 _aRU
_bNLR
_gpsbo
801 1 _aRU
_bELAR
_2rusmarc
852 _aNLR
_j39-18/163(3)
942 _cBOOK